000 00478nam a2200193Ia 4500
005 20240823052521.0
008 240823s9999||||xx |||||||||||||| ||und||
020 _a978-81-8209-355-3
041 _aENGLISH
082 _A420 Q3
100 _aPrakasam V
245 2 _aA Handbook of English Usage
250 _a1st
260 _c2013
_bVijay Nicole Imprints Private Li
500 _aTRANSFERED
650 _aHand Book of English
_bEnglish
942 _cBK
999 _c222052
_d222052